Психолінгвістичні особливості концепту любові в англомовній картині світу (Запис № 284331)
[ простий вигляд ]
| 000 -LEADER | |
|---|---|
| fixed length control field | 01241nam a22001577a 4500 |
| 041 ## - LANGUAGE CODE | |
| Language code of text/sound track or separate title | ukr |
| 080 ## - UNIVERSAL DECIMAL CLASSIFICATION NUMBER | |
| Universal Decimal Classification number | 09 |
| 090 ## - LOCALLY ASSIGNED LC-TYPE CALL NUMBER (OCLC); LOCAL CALL NUMBER (OCLC) | |
| Local cutter number (OCLC) ; Book number/undivided call number, CALL (RLIN) | ХАЛ |
| 100 ## - MAIN ENTRY--PERSONAL NAME | |
| Personal name | Халанчук Т.П. |
| 245 ## - TITLE STATEMENT | |
| Title | Психолінгвістичні особливості концепту любові в англомовній картині світу |
| 260 ## - PUBLICATION, DISTRIBUTION, ETC. (IMPRINT) | |
| Place of publication, distribution, etc | Острог |
| Name of publisher, distributor, etc | КАФ |
| Date of publication, distribution, etc | 2010 |
| 300 ## - PHYSICAL DESCRIPTION | |
| Extent | 59 |
| 520 ## - SUMMARY, ETC. | |
| Summary, etc | ВСТУП<br/>РОЗДІЛ 1 СУЧАСНІ ПІДХОДИ ДО ВИВЧЕННЯ ПСИХОЛІНГВІСТИКИ ТА КОНЦЕПТУ<br/>1.1 Основні поняття психолінгвістики.<br/>1.2 Сучасні підходи до вивчення концепту.<br/>1.3 Мовна картина світу.<br/>РОЗДІЛ 2 ПСИХОЛІНГВІСТИЧНІ ОСОБЛИВОСТІ КОНЦЕПТУ ЛЮБОВІ В АНГЛОМОВНІЙ КАРТИНІ СВІТУ<br/>2.1 Психолінгвістичний аспект вираження концепту.<br/>2.2 Лексико-семантичні засоби вираження концепту любові в англомовній картині світу.<br/>ВИСНОВКИ |
| -- | концепт, психолінгвістика, любов |
| 650 ## - SUBJECT ADDED ENTRY--TOPICAL TERM | |
| Topical term or geographic name as entry element | Research Papers |
| 942 ## - ADDED ENTRY ELEMENTS (KOHA) | |
| Koha item type | Книги |
| Withdrawn status | Lost status | Source of classification or shelving scheme | Damaged status | Not for loan | Home library | Current library | Date acquired | Source of acquisition | Cost, normal purchase price | Total Checkouts | Full call number | Barcode | Date last seen | Price effective from | Koha item type |
|---|---|---|---|---|---|---|---|---|---|---|---|---|---|---|---|
| Universal Decimal Classification | ВІЛ - Відділ іноземн. літератури НБ | ВІЛ - Відділ іноземн. літератури НБ | 16/04/2009 | Акт №1 | 1.00 | 09 | 213939 | 20/12/2021 | 16/04/2009 | Книги |